Normal view
MARC view
- تربية الطفل-تعلم وتعليم
Entry Topical Term
001 - CONTROL NUMBER
- control field: 59883
003 - CONTROL NUMBER IDENTIFIER
- control field: JO-AjAnu
005 - DATE AND TIME OF LATEST TRANSACTION
- control field: 20230606083805.0
008 - FIXED-LENGTH DATA ELEMENTS
- fixed length control field: 230606|| aca||aabn | a|a d
040 ## - CATALOGING SOURCE
- Original cataloging agency: JO-AjAnu
- Transcribing agency: JO-AjAnu
150 ## - HEADING--TOPICAL TERM
- Topical term or geographic name entry element: تربية الطفل-تعلم وتعليم
670 ## - SOURCE DATA FOUND
- Source citation: Work cat.: (JO-AjAnu)30538: تأليف حواشين، مفيد نجيب، م. مشارك زيدان نجيب حواشين, author 59882, اتجاهات حديثة في تربية الطفل